000 01387cam a2200349 a 4500
001 15023723
003 ARRUPE
005 20211102102139.0
008 070926s2008 maua b 001 0 eng
010 _a 2007039870
020 _a9780262134989 (hardcover : alk. paper)
020 _a0262134985 (hardcover : alk. paper)
020 _a9780262515061 (paperback : alk. paper)
035 _a(OCoLC)ocn173509395
035 _a(OCoLC)173509395
040 _aDLC
_cDLC
_dBTCTA
_dBAKER
_dYDXCP
_dC#P
_dDLC
041 1 _aeng
_hita
050 0 0 _aP132
_b.M6713 2008
082 0 0 _a401
_222
100 1 _aMoro, Andrea.
_950860
240 1 0 _aConfini di Babele.
_lEnglish
245 1 4 _aThe boundaries of Babel :
_bthe brain and the enigma of impossible languages /
_cAndrea Moro ; translated from Italian by Ivano Caponigro and Daniel B. Kane.
260 _aCambridge, Mass. :
_bMIT Press,
_cc2008.
300 _axvi, 257 p. :
_bill. ;
_c24 cm.
490 1 _aCurrent studies in linguistics ;
_v46
504 _aIncludes bibliographical references (p. [231]-243) and indexes.
650 0 _aBiolinguistics.
_950861
830 0 _aCurrent studies in linguistics series ;
_v46.
_950862
906 _a7
_bcbc
_corignew
_d1
_eecip
_f20
_gy-gencatlg
942 _2lcc
_cMONOGRAPH
999 _c131063
_d131063